000
00270nam a22001217a 4500
041
_a
ENG
100
_a
Kundan.K
245
_a
Commonsense Reasoning
260
_a
Delhi
_b
BSC Pub
_c
2000
300
_a
581
650
_a
Competitlve Exam
856
_u
Competitlve Exam ( 36 )
999
_c
906
_d
906